Quick Pick: Fanta Flavors Quiz Stats

 Plays Quiz Updated Oct 15, 2018

Score 0/11 Timer 01:00
0 Plays Today
% Correct
Orange
95.9%
Strawberry
92.2%
Grape
90%
Fruit Punch
87.6%
Peach
87.1%
Pineapple
86.8%
Mango
86.1%
Kiwi-Strawberry
81.9%
Berry
80.1%
Green Apple
76%
Grapefruit
69%

Today's Daily Dose

Missing Word
Sherlocks

Word Ladder
King of the Hill

Quick Pick
Songs in Pink

Get the Picture
NBA Teammates

You're not logged in!

Compare scores with friends on all Sporcle quizzes.
OR
Log In

Sporcle TV

Today on Sporcle TV


Watch our educational content, quiz creation guides, and fun videos on Sporcle TV.

Show Comments

Extras

Top Quizzes Today


Score Distribution

Your Account Isn't Verified!

In order to create a playlist on Sporcle, you need to verify the email address you used during registration. Go to your Sporcle Settings to finish the process.

Report this User

Report this user for behavior that violates our Community Guidelines.

Details: